Fundamentals of Sustainable Development / (Record no. 17385)
[ view plain ]
| 000 -LEADER | |
|---|---|
| fixed length control field | 01135cam a2200241 a 4500 |
| 001 - CONTROL NUMBER | |
| control field | 16984302 |
| 005 - DATE AND TIME OF LATEST TRANSACTION | |
| control field | 20130320144332.0 |
| 008 - FIXED-LENGTH DATA ELEMENTS--GENERAL INFORMATION | |
| fixed length control field | 110930s2012 nyuab b 001 0 eng |
| 010 ## - LIBRARY OF CONGRESS CONTROL NUMBER | |
| LC control number | 2011040566 |
| 020 ## - INTERNATIONAL STANDARD BOOK NUMBER | |
| International Standard Book Number | 9781849713863 (hbk : alk. paper) |
| 020 ## - INTERNATIONAL STANDARD BOOK NUMBER | |
| International Standard Book Number | 9781849714198 (pbk : alk. paper) |
| 082 00 - DEWEY DECIMAL CLASSIFICATION NUMBER | |
| Classification number | 338.927 |
| Edition number | 23 |
| Item number | ROO |
| 100 1# - MAIN ENTRY--PERSONAL NAME | |
| Personal name | Roorda, Niko. |
| 9 (RLIN) | 32922 |
| 245 10 - TITLE STATEMENT | |
| Title | Fundamentals of Sustainable Development / |
| Statement of responsibility, etc | Niko Roorda ; with Peter Blaze Corcoran and Joseph P. Weakland. |
| 260 ## - PUBLICATION, DISTRIBUTION, ETC. (IMPRINT) | |
| Place of publication, distribution, etc | New York, NY : |
| Name of publisher, distributor, etc | Earthscan, |
| Date of publication, distribution, etc | 2012. |
| 300 ## - PHYSICAL DESCRIPTION | |
| Extent | xxxii, 351 p. : |
| Other physical details | col. ill., col. maps ; |
| Dimensions | 26 cm. |
| 504 ## - BIBLIOGRAPHY, ETC. NOTE | |
| Bibliography, etc | Includes bibliographical references and index. |
| 505 0# - FORMATTED CONTENTS NOTE | |
| Formatted contents note | Foreword -- SWOT analysis -- Sustainable development, an introduction -- Flaws in the fabric : people and nature -- Flaws in the fabric : people and society -- Sources of vigour -- Solution strategies -- Here and there -- Now and later -- Climate and energy -- Sustainable business practices. |
| 650 #0 - SUBJECT ADDED ENTRY--TOPICAL TERM | |
| Topical term or geographic name as entry element | Sustainable development |
| General subdivision | Study and teaching. |
| 9 (RLIN) | 32923 |
| 650 #0 - SUBJECT ADDED ENTRY--TOPICAL TERM | |
| Topical term or geographic name as entry element | Environmental education. |
| 9 (RLIN) | 32924 |
| 653 ## - INDEX TERM--UNCONTROLLED | |
| Resource For college | |
| Arrived date list | March2013 |
| 942 ## - ADDED ENTRY ELEMENTS (KOHA) | |
| Source of classification or shelving scheme | Dewey Decimal Classification |
| Item type | Book - Borrowing |
| Withdrawn status | Item status | Source of classification or shelving scheme | Damaged status | Not for loan | Vendor | Home library | Current library | Shelving location | Date acquired | Source of acquisition | Total Checkouts | Full call number | Barcode | Date last seen | Koha item type | Total Renewals | Date last borrowed |
|---|---|---|---|---|---|---|---|---|---|---|---|---|---|---|---|---|---|
| Dewey Decimal Classification | Baccah | Central Library | Central Library | First floor | 20/03/2013 | 338.927 ROO | 000028571 | 15/07/2025 | NB - Book (Non borrowing) | ||||||||
| Dewey Decimal Classification | Baccah | Central Library | Central Library | First floor | 20/03/2013 | 9 | 338.927 ROO | 000028572 | 15/07/2025 | Book - Borrowing | 18 | 02/10/2022 | |||||
| Dewey Decimal Classification | Baccah | Central Library | Central Library | First floor | 20/03/2013 | 15 | 338.927 ROO | 000028573 | 15/07/2025 | Book - Borrowing | 26 | 12/10/2019 | |||||
| Dewey Decimal Classification | Baccah | Central Library | Central Library | First floor | 20/03/2013 | 3 | 338.927 ROO | 000028574 | 15/07/2025 | Book - Borrowing | 26 | 05/11/2019 |